प्रयोजनमूलक हिन्दी/ (Record no. 66977)

MARC details
000 -LEADER
fixed length control field 00702nam a22001457a 4500
005 - DATE AND TIME OF LATEST TRANSACTION
control field 20120521160142.0
020 ## - INTERNATIONAL STANDARD BOOK NUMBER
International Standard Book Number 9788189989736
Terms of availability 170.00
100 ## - MAIN ENTRY--PERSONAL NAME
Personal name त्रिपाठी, कमला शंकर
245 ## - TITLE STATEMENT
Title प्रयोजनमूलक हिन्दी/
Statement of responsibility, etc कमला शंकर त्रिपाठी
260 ## - PUBLICATION, DISTRIBUTION, ETC. (IMPRINT)
Place of publication, distribution, etc लखनउ
Name of publisher, distributor, etc उत्तर प्रदेश हिन्दी संस्थान
Date of publication, distribution, etc 2011
300 ## - PHYSICAL DESCRIPTION
Extent 379 पृ.
Dimensions 22 सें.मी. (अजिल्द)
942 ## - ADDED ENTRY ELEMENTS (KOHA)
Source of classification or shelving scheme Dewey Decimal Classification
Item type Hindi Books
Call number suffix त्रिपाठी
Holdings
Withdrawn status Lost status Not for loan Home library Current library Date acquired Cost, normal purchase price Full call number Cost, replacement price Koha item type
      Andrews Gunj Andrews Gunj 21/05/2012 170.00 त्रिपाठी 170.00 Hindi Books

© Delhi Public Library
Hit Counter
free hit counter